000 00781nas a2200253 4500
001 BR9502525
003 BR-BrBNA
005 20231205094330.0
007 ta
008 230509b bl.|||p| |||| 00| 00por d
040 _aBR-BrBNA
_bpor
_cBiblioteca Nacional de Agricultura
041 _a(Pt)
072 _aQ04
100 1 _aFaria, J.B.
100 1 _aDeliza, R.
100 1 _aRossi, E.A.
245 1 _aCompostos sulfurados e a qualidade das aguardentes de cana (Saccharun officinarum, L.)
650 _aAguardente
650 _aCana de Acucar
650 _aComposicao de Alimento
773 0 _tCiencia e Tecnologia de Alimentos (Brazil)
_xISSN 0101-2061
_g(Jan-Jun 1993), v. 13(1) p. 89-93
_wBR9502525
909 _a202311
_bLúcia
_c55
_dLúcia Elande
942 _2AGRIS
_n0
_cANA
999 _c143631
_d143631